Interná smernica - evidencia dlhodobého hmotného a nehmotného majetku
Smernicu Evidencia dlhodobého hmotného a nehmotného majetku by mala vypracovať každá účtovná jednotka, ktorá má v majetku alebo vo svojej správe hmotný alebo nehmotný dlhodobý majetok. V praxi dochádza často ku chybám, preto vypracovaniu internej účtovnej smernice je potrebné venovať dostatočnú pozo...
Guardado en:
| Autor principal: | |
|---|---|
| Formato: | Capítulo de libro |
| Lenguaje: | eslovaco |
| Materias: | |
| Etiquetas: |
Sin Etiquetas, Sea el primero en etiquetar este registro!
|
MARC
| LEADER | 00000naa$a2200000$$$4500 | ||
|---|---|---|---|
| 001 | 0086128 | ||
| 005 | 20231114100046.2 | ||
| 041 | 0 | |a slo | |
| 044 | |a SK | ||
| 245 | 1 | 0 | |a Interná smernica - evidencia dlhodobého hmotného a nehmotného majetku |c Jarmila Strählová |
| 520 | |a Smernicu Evidencia dlhodobého hmotného a nehmotného majetku by mala vypracovať každá účtovná jednotka, ktorá má v majetku alebo vo svojej správe hmotný alebo nehmotný dlhodobý majetok. V praxi dochádza často ku chybám, preto vypracovaniu internej účtovnej smernice je potrebné venovať dostatočnú pozornosť. | ||
| 610 | 2 | 0 | |a jednotka účtovná |
| 610 | 2 | 0 | |a majetok dlhodobý |
| 610 | 2 | 0 | |a majetok hmotný |
| 610 | 2 | 0 | |a majetok nehmotný |
| 610 | 2 | 0 | |a evidencia |
| 610 | 2 | 0 | |a odpisy |
| 610 | 2 | 0 | |a inventarizácia |
| 610 | 2 | 0 | |a smernice |
| 100 | 1 | |a Strählová, Jarmila | |